Greatest Showman The Other Side - Statistics

General Stats
  • This quiz has been taken 207 times
  • The average score is 14 of 19
Answer Stats
HINT ANSWER % Correct
Right ____, right now here
99%
I put the ____ out offer
96%
I know you ___ it see
89%
You ___ with me run
85%
Or you can do like __ me
84%
Cause you can do like ___ do you
83%
It'll take you to the _____ ____ other side
81%
And if its _____, live a little ______ crazy
80%
Or you can ___ it all and see risk
78%
Stay in the ____, or you'll finally take the ___ cage key
76%
And I can ___ ___ ____ cut you free
74%
Oh ____! Suddenly your free to fly damn
74%
I dont want to _____ ______ down chase you
72%
Cause I got what you need, so come with me and ____ ___ ____ take the ride
70%
You can play it ______, a king of conventional sensible
66%
Dont you wanna get away from the ____ ___ ____ you gotta play same old part
64%
So trade that ______ for something _____ typical colorful
56%
____ ____ you to the other side itll take
48%
Out of the ________ and walls you keep in drudgery
33%
No matching quizzes found
Score Distribution
Percent of People with Each Score
Percentile by Number Answered
Your Score History
You have not taken this quiz